Nghiên cứu một số đặc điểm phân loại chủng kỵ khí không bắt buộc BDNS3 phân lập từ đất nhiễm chất diệt cỏ chứa doxin tại khu vực sân bay Đà Nẵng /
Guardado en:
| Autor principal: | |
|---|---|
| Otros Autores: | , , |
| Formato: | Artículo |
| Lenguaje: | Vietnamese |
| Materias: | |
| Etiquetas: |
Agregar Etiqueta
Sin Etiquetas, Sea el primero en etiquetar este registro!
|
| Thư viện lưu trữ: | Thư viện Trường Đại học Đà Lạt |
|---|
| LEADER | 01123nam a2200325 4500 | ||
|---|---|---|---|
| 001 | DLU110125614 | ||
| 005 | ##20110923 | ||
| 040 | # | # | |a DLU |b vie |
| 041 | # | # | |a vie |
| 044 | # | # | |a vn |
| 100 | # | # | |a Nghiêm Ngọc Minh. |
| 245 | # | # | |a Nghiên cứu một số đặc điểm phân loại chủng kỵ khí không bắt buộc BDNS3 phân lập từ đất nhiễm chất diệt cỏ chứa doxin tại khu vực sân bay Đà Nẵng / |c Nghiêm Ngọc Minh, ...[và những người khác] |
| 653 | # | # | |a Bacteroides |
| 653 | # | # | |a Chôn lấp tích cực |
| 653 | # | # | |a Dioxin |
| 653 | # | # | |a Khí không bắt buộc |
| 653 | # | # | |a Vi khuẩn kỵ |
| 700 | # | # | |a Đặng Thị cẩm Hà. |
| 700 | # | # | |a Nguyễn Bá Hữu. |
| 700 | # | # | |a Phạm Ngọc Long. |
| 773 | # | # | |t Tạp chí Công nghệ Sinh học |g Số 3(6), 2008, tr. 391-396 |
| 920 | # | # | |a Phòng Tạp chí -- Trung tâm Thông tin - Thư viện Trường Đại học Đà Lạt |
| 994 | # | # | |a DLU |
| 900 | # | # | |a True |
| 911 | # | # | |a Nguyễn Thị Linh Chi |
| 925 | # | # | |a G |
| 926 | # | # | |a A |
| 927 | # | # | |a BB |
| 980 | # | # | |a Thư viện Trường Đại học Đà Lạt |